[Event "Washington Open Championship"]
[Site "Seattle, WA"]
[Date "2014.05.26"]
[Round "6"]
[White "Zhang Cheyenne  (WA)"]
[Black "Varner Murlin  (WA)"]
[Result "1-0"]
[WhiteElo "1495"]
[BlackElo "1630"]
[Annotator ""]
[Source ""]
[Remark "Reserve"]

1.c4 e5 2.Nc3 Nf6 3.g3 Bb4 4.Qc2 Nc6 5.Bg2 O-O 6.a3 Nd4 7.Qd1
Bxc3 8.bxc3 Ne6 9.Nf3 d6 10.O-O c6 11.d4 e4 12.Ng5 d5 13.cxd5
cxd5 14.Nxe6 Bxe6 15.Bg5 h6 16.Bf4 Qd7 17.Re1 Bh3 18.Bh1 Nh5
( 18...Rac8 ) 19.Bd2 Qe6 20.Rb1 b6 21.Rb5 a6 22.Rb2 f5 23.e3
Qg6 {?!} ( 23...Rfc8 ) 24.Qb3 b5 25.Qxd5+ Kh8 26.f3 Nxg3 27.Bc1
Nxh1+ ( 27...Nh5+ 28.Kf2 Nf6 29.Qb7 exf3 30.Bxf3 Ne4+ ) 28.Kxh1
Rad8 29.Qe5 exf3 30.Qg3 Bg2+ 31.Kg1 Qc6 32.Rf2 Qxc3 33.Rd1 Qb3
( 33...f4 34.exf4 Rxd4 ) 34.Rfd2 Qe6 ( 34...Qxe3+ ) 35.Rd3 Rf6
36.d5 Qd6 37.Qh4 Rg6 38.Kf2 Kh7 39.e4 Rg4 40.Qh5 g6 {??}
( 40...fxe4 ) 41.Qxh6+ Kg8 42.Bb2 Qf8 43.Qh8+ Kf7 44.Qf6+ Ke8
45.Qc6+ Rd7 46.d6 Rxe4 47.Qc8+ Rd8 48.d7+ Kf7 49.Qc3 Re2+ 50.Kg1
Re6 51.Re3 Rxe3 52.Qf6+ Kg8 53.Qxg6+ 1-0

[Event "Washington Open Championship"]
[Site "Seattle, WA"]
[Date "2014.05.25"]
[Round "4"]
[White "Esposito Jason  (NY)"]
[Black "Lee Addison  (WA)"]
[Result "1-0"]
[WhiteElo "1259"]
[BlackElo "1069"]
[Annotator ""]
[Source ""]
[Remark "Booster"]

1.d4 d5 2.c4 e6 3.Nc3 Nf6 4.Bg5 Be7 5.e3 h6 6.Bh4 O-O 7.cxd5
exd5 8.Bd3 Nc6 9.a3 Nd7 10.Bg3 Nf6 11.b4 a6 12.Qc2 Bd6 13.Nge2
Be6 14.O-O Qd7 15.Rfc1 Ne7 16.Bxd6 Qxd6 17.b5 Rfc8 18.e4 dxe4
19.Nxe4 Nxe4 20.Bxe4 Bd5 21.Bxd5 Nxd5 22.bxa6 Rxa6 23.Qb2 Rb6
24.Qc2 Rc6 25.Qb2 Rb6 26.Qc2 Nf4 27.Ng3 Qxd4 28.Nf5 Qf6 29.Qe4
Ne6 30.Ng3 Nc5 31.Qg4 Rd8 32.Nh5 Qg6 33.Qxg6 fxg6 34.Rxc5 gxh5
35.Rxc7 Ra8 36.g3 Rb3 37.Rd1 Rbxa3 38.Rdd7 b5 39.Rxg7+ Kf8 40.Rh7
b4 41.Rh8# 1-0

[Event "Washington Open Championship"]
[Site "Seattle, WA"]
[Date "2014.05.25"]
[Round "4"]
[White "McCorkle Wade  (WA)"]
[Black "Chen Minda  (WA)"]
[Result "1-0"]
[WhiteElo "1297"]
[BlackElo "689"]
[Annotator ""]
[Source ""]
[Remark "Booster"]

1.c4 e5 2.g3 Nf6 3.Bg2 d5 4.cxd5 Nxd5 5.Nf3 Nc6 6.O-O Bc5 7.Nc3
Nxc3 8.dxc3 Bd7 9.a3 a6 10.b4 Bb6 11.Bb2 O-O 12.c4 f6 13.c5 Ba7
14.Qb3+ Kh8 15.Rad1 Qe7 16.Rd2 Be6 17.Qc3 Rad8 18.Rfd1 Rxd2 19.Rxd2
e4 20.Nd4 Nxd4 21.Qxd4 Bf5 22.e3 h6 23.Qd5 Bg6 24.Qxb7 Bb8 25.Qxa6
Bf5 26.Qc6 Re8 27.Rd4 Ba7 28.h3 Bg6 29.Rd7 Qe6 30.Qxe6 Rxe6 31.Rxc7
Bb8 32.Rc8+ Re8 33.Rxe8+ Bxe8 34.Bxe4 Ba4 35.Bd3 Kg8 36.Bd4 Kf7
37.Kf1 Ke6 38.Ke2 Kd5 39.Kd2 Bc7 40.Kc3 Bb8 41.b5 Bc7 42.Kb4
Bd1 43.a4 Bh5 44.a5 Be8 45.a6 Bb8 46.b6 Bc6 47.Bf1 Ke6 48.Bc4+
Kd7 49.a7 Kc8 50.axb8Q+ Kxb8 51.Bb5 Be4 52.c6 h5 53.h4 Bf3 54.Kc5
Bg4 55.Kd6 Bf5 56.Ke7 g6 57.Bxf6 Bc8 58.Kd8 Be6 59.Be5+ Ka8 60.b7+
Ka7 61.b8Q# 1-0

[Event "Washington Open Championship"]
[Site "Seattle, WA"]
[Date "2014.05.25"]
[Round "4"]
[White "Levin Scott  (OR)"]
[Black "Zhang Brendan  (WA)"]
[Result "1-0"]
[WhiteElo "1859"]
[BlackElo "1765"]
[Annotator ""]
[Source ""]
[Remark "Open"]

1.e4 e6 2.d4 d5 3.e5 c5 4.c3 Qb6 5.a3 Nc6 6.Nf3 cxd4 7.cxd4 Bd7
8.b4 a6 9.Be3 Nh6 10.Bd3 Ng4 11.O-O Be7 12.Nc3 Rc8 13.Na4 Qd8
14.Nc5 Bxc5 15.bxc5 O-O 16.Bxh7+ Kh8 17.Ng5 Nh6 18.Qh5 Qe8 19.Bd3
f6 20.Bg6 Qe7 21.Nf7+ Rxf7 22.Bxh6 gxh6 23.Bxf7 Qf8 24.Rad1 fxe5
25.dxe5 Be8 26.Bxe8 Rxe8 27.Rd3 Re7 28.Rf3 Qg7 29.Rf6 Kh7 30.f4
Nd4 31.Re1 Nf5 32.Kh1 d4 33.g4 Ne3 34.g5 Nf5 35.Rg1 Qg8 36.Rxh6+
Kg7 37.Rg6+ 1-0

[Event "Washington Open Championship"]
[Site "Seattle, WA"]
[Date "2014.05.26"]
[Round "6"]
[White "Feng Roland  (WA)"]
[Black "Cozianu Costin  (WA)"]
[Result "1-0"]
[WhiteElo "2256"]
[BlackElo "2478"]
[Annotator ""]
[Source ""]
[Remark "Open"]

1.d4 Nf6 2.c4 g6 3.Nc3 Bg7 4.Nf3 O-O 5.Bg5 h6 6.Bf4 g5 7.Bg3
Nh5 8.e3 Nxg3 9.hxg3 e6 10.Qc2 d6 11.g4 Nc6 12.a3 e5 13.d5 Ne7
14.Nxg5 f5 15.Ne6 Bxe6 16.dxe6 fxg4 17.Qe4 g3 18.f3 Rf6 19.Nd5 1-0

[Event "Washington Open Championship"]
[Site "Seattle, WA"]
[Date "2014.05.26"]
[Round "5"]
[White "Pupols Viktors  (WA)"]
[Black "Bashkansky Ethan  (WA)"]
[Result "1-0"]
[WhiteElo "2209"]
[BlackElo "2118"]
[Annotator ""]
[Source ""]
[Remark "Open"]

1.d4 f5 2.Bg5 g6 3.Nd2 Bg7 4.e4 fxe4 5.Nxe4 d5 6.Ng3 c5 7.Nf3
Bg4 8.dxc5 Bxb2 9.Bb5+ Nc6 10.O-O Bxa1 ( 10...Bxf3 ) 11.Qxa1
Nf6 12.Ne5 Bd7 13.Nxd7 Kxd7 14.c4 Ke6 15.Rd1 d4 16.Bxc6 bxc6
17.Rxd4 Qf8 18.Qe1+ Kf7 19.Bxf6 Kxf6 20.Rf4+ Kg7 21.Qe5+ Qf6
22.Rxf6 exf6 23.Qe7+ Kg8 24.Ne4 1-0

[Event "Washington Open Championship"]
[Site "Seattle, WA"]
[Date "2014.05.26"]
[Round "5"]
[White "Sinanan Joshua  (WA)"]
[Black "Feng Roland  (WA)"]
[Result "0-1"]
[WhiteElo "2268"]
[BlackElo "2256"]
[Annotator ""]
[Source ""]
[Remark "Open"]

1.d4 d5 2.Nf3 e6 3.c4 c5 4.cxd5 exd5 5.g3 Nc6 6.Bg2 c4 7.O-O
Bb4 8.Nc3 Bxc3 9.bxc3 Nge7 10.Nd2 Be6 11.e4 O-O 12.a4 Qd7 13.Re1
Rfc8 14.Ba3 h6 15.Qc2 Bh3 16.Bh1 Rc7 17.Rab1 a6 18.Nf1 dxe4 19.Ne3
f5 20.Nxc4 Nd5 21.Qb3 Kh7 22.f3 b5 23.fxe4 bxc4 24.Qxc4 Ncb4
25.Rxb4 Rxc4 26.Rxc4 fxe4 27.Bxe4+ Bf5 28.Bg2 Re8 29.Re5 Rxe5
30.dxe5 Ne3 31.Rd4 Qc7 0-1

[Event "Washington Open Championship"]
[Site "Seattle, WA"]
[Date "2014.05.25"]
[Round "4"]
[White "Hendricks David  (WA)"]
[Black "Grassy Brock  (WA)"]
[Result "1-0"]
[WhiteElo "1674"]
[BlackElo "1484"]
[Annotator ""]
[Source ""]
[Remark "Reserve"]

1.d4 Nf6 2.Bf4 d5 3.e3 Bf5 4.c4 e6 5.Qb3 c6 6.Qxb7 Nbd7 7.Qxc6
Bxb1 8.Rxb1 Qa5+ 9.Ke2 Rd8 10.Bc7 Qxa2 11.Bxd8 Qxb1 12.Bxf6 Qc2+
13.Kf3 Qf5+ 14.Kg3 gxf6 15.f3 Rg8+ 16.Kf2 Qc2+ 17.Ne2 dxc4 18.g3
Rg6 19.h4 Bh6 20.Bh3 Qd3 21.f4 f5 22.Ra1 e5 23.Qc8+ Ke7 24.Rxa7
Rd6 25.dxe5 Rg6 26.Ra8 Nxe5 27.Qe8+ Kd6 28.Qxe5+ Kc6 29.Bg2+
Kd7 30.Ra7+ 1-0

[Event "Washington Open Championship"]
[Site "Seattle, WA"]
[Date "2014.05.25"]
[Round "1"]
[White "Shen Gabriel  (WA)"]
[Black "Chen Kevin  (WA)"]
[Result "0-1"]
[WhiteElo "1445"]
[BlackElo "1778"]
[Annotator ""]
[Source ""]
[Remark "Premier"]

1.d4 Nf6 2.c4 e6 3.Nc3 Bb4 4.Nf3 c5 5.e3 O-O 6.Bd3 d5 7.O-O dxc4
8.Bxc4 Nbd7 9.Qb3 a6 10.Ne5 Nxe5 11.dxe5 Nd7 12.f4 b5 13.Be2
Bb7 14.Rd1 Qe7 15.Qc2 Nb6 16.Ne4 c4 17.Ng5 g6 18.Bf3 Rad8 19.Bd2
Bc5 20.Bxb7 Qxb7 21.Ne4 Be7 22.Ba5 Rd5 23.a3 Rfd8 24.Rxd5 Rxd5
25.Bb4 Rd3 26.Bxe7 Qxe7 ( 26...Qxe4 ) 27.Nf6+ Kg7 28.Kf2 Qd8
29.Ke2 Nd5 30.Nxd5 Qxd5 31.Rg1 0-1

[Event "Washington Open Championship"]
[Site "Seattle, WA"]
[Date "2014.05.25"]
[Round "4"]
[White "Verdiyan Artem  (WA)"]
[Black "Varner Murlin  (WA)"]
[Result "1-0"]
[WhiteElo "1427"]
[BlackElo "1630"]
[Annotator ""]
[Source ""]
[Remark "Reserve"]

1.d4 d5 2.c4 e6 3.Nf3 Nf6 4.cxd5 exd5 5.Nc3 Bd6 6.Bg5 Be7 7.Qb3
c6 8.e3 O-O 9.Bd3 Nbd7 10.O-O h6 11.Bh4 Nh7 12.Bg3 Ng5 13.Nxg5
Bxg5 14.a4 b6 15.Nxd5 cxd5 16.Qxd5 Rb8 17.Bxb8 Nxb8 18.Qe4 g6
19.Qa8 Qc7 20.Rfc1 Qb7 21.Be4 Qxa8 22.Bxa8 Na6 23.Rxc8 Rxc8 24.Bb7
Rc2 25.Bxa6 Rxb2 26.Rc1 Rb4 27.Bb5 Kg7 28.Kf1 a6 29.Be8 Kf8
( 29...Rxd4 ) 30.Rc8 a5 31.Bb5+ Ke7 32.Rc6 Kd7 33.Rxb6+ Kc7 34.Ra6
Be7 35.Ra7+ Kd8 36.Rxa5 Rb1+ 37.Ke2 Re1+ 38.Kf3 f6 39.Ra8+ Kc7
40.Ra7+ Kd6 41.Rd7+ Ke6 42.d5+ Kf7 43.d6 Rd1 44.Rxe7+ Kf8 45.Re8+ 1-0

[Event "Washington Open Championship"]
[Site "Seattle, WA"]
[Date "2014.05.24"]
[Round "2"]
[White "Pupols Viktors  (WA)"]
[Black "Bishop Alan  (WA)"]
[Result "1-0"]
[WhiteElo "2200"]
[BlackElo "2028"]
[Annotator ""]
[Source ""]
[Remark "Open"]

1.c4 e5 2.Nc3 Nf6 3.g3 d5 4.cxd5 Nxd5 5.Bg2 Nb6 6.e3 Nc6 7.Nge2
Bf5 8.O-O Qd7 9.f4 Nb4 10.d4 Bc2 11.Qe1 Nc4 12.Qf2 exd4 13.Nxd4
Bd3 14.Rd1 c5 15.Nf3 O-O-O 16.b3 Nc2 17.bxc4 Nxa1 18.Ne5 Qe6
19.Qb2 Qa6 20.Rxd3 Be7 21.Nd5 Bf6 22.Ra3 Qxc4 23.Ne7+ 1-0

[Event "Washington Open Championship"]
[Site "Seattle, WA"]
[Date "2014.05.24"]
[Round "1"]
[White "Ramasamy Vikram  (WA)"]
[Black "Pupols Viktors  (WA)"]
[Result "0-1"]
[WhiteElo "1842"]
[BlackElo "2200"]
[Annotator ""]
[Source ""]
[Remark "Open"]

1.e4 d6 2.d4 Nf6 3.Nc3 Nbd7 4.Nf3 e5 5.d5 Be7 6.Be2 O-O 7.O-O
Nc5 8.Nd2 a5 9.f3 Nfd7 10.Nb3 a4 11.Nxc5 Nxc5 12.Be3 Bg5 13.Bxc5
dxc5 14.Qd3 Bd7 15.Nd1 b5 16.c4 b4 17.Nf2 a3 18.b3 Ra6 19.Bd1
Qf6 20.Ng4 Qe7 21.g3 f5 22.Ne3 f4 23.Ng2 Rh6 24.g4 Rh3 25.Ne1
Bxg4 26.Qe2 Bc8 27.Rf2 Bh4 28.Rg2 Bxe1 29.Qxe1 Rh6 30.Kh1 Rff6
31.Rc1 Rfg6 32.Be2 Rxg2 33.Kxg2 Kf7 34.Qf2 Ke8 35.Rg1 Kd7 36.Kh1
Kd6 37.Bf1 g5 38.Be2 Rg6 39.Qg2 Qg7 40.h3 Rh6 41.Kh2 Rxh3+ 42.Qxh3
Bxh3 43.Kxh3 h5 44.Kh2 Qg6 45.Rg2 Ke7 46.Bd1 Kf6 47.Rd2 Kf7 48.Rg2
Qf6 49.Kg1 Qg6 50.Kh2 Kf8 51.Kg1 g4 52.fxg4 Qxe4 53.gxh5 Qe1+
54.Kh2 Qxd1 0-1

[Event "Washington Open Championship"]
[Site "Seattle, WA"]
[Date "2014.05.25"]
[Round "2"]
[White "Orlov Georgi (WA)"]
[Black "Perez Ignacio  (WA)"]
[Result "1-0"]
[WhiteElo "2533"]
[BlackElo "2254"]
[Annotator ""]
[Source ""]
[Remark "Open"]

1.e4 d6 2.d4 g6 3.Nc3 Bg7 4.Nf3 Nf6 5.Be2 O-O 6.O-O Na6 7.Re1
c5 8.d5 Nc7 9.Bf4 b5 10.e5 Nh5 11.exd6 exd6 12.Bg5 f6 13.Be3
b4 14.Nb5 Nxb5 15.Bxb5 f5 16.Bc6 Rb8 17.Bg5 Nf6 18.Qd2 Bd7 19.Rad1
Qc8 20.Qf4 Ne4 21.Be7 Re8 22.Bxd6 Rb6 23.Ng5 Bxc6 24.dxc6 Rxc6
25.Rxe4 Rxe4 26.Nxe4 fxe4 27.Qxe4 Bxb2 28.Qd5+ Kh8 29.Be5+ Bxe5
30.Qxe5+ Kg8 31.Qe7 1-0

[Event "Washington Open Championship"]
[Site "Seattle, WA"]
[Date "2014.05.25"]
[Round "3"]
[White "Feng Roland  (WA)"]
[Black "Orlov Georgi (WA)"]
[Result "1-0"]
[WhiteElo "2256"]
[BlackElo "2533"]
[Annotator ""]
[Source ""]
[Remark "Open"]

1.d4 d5 2.c4 e6 3.Nc3 Nf6 4.cxd5 exd5 5.Bg5 c6 6.e3 Nbd7 7.Bd3
Be7 8.Qc2 O-O 9.Nge2 Re8 10.O-O Nf8 11.Rad1 Bd6 12.Bf4 Ng6 13.Bxd6
Qxd6 14.Ng3 Ng4 15.Bf5 h5 16.Bxc8 Raxc8 17.Qf5 Nxh2 18.Kxh2 h4
19.Nce2 hxg3+ 20.Nxg3 Re6 21.Kg1 Rce8 22.Qg4 Ne7 23.Nh5 Rg6 24.Qf3
Rg5 25.Nf4 Qf6 26.Qh3 Nf5 27.Kh2 Nh6 28.Rh1 Qd6 29.g3 Qb4 30.Qd7
Rf8 31.Nd3 Qb5 32.Kg2 Rg6 33.Rd2 Rf6 34.Ne5 Qb4 35.Rc2 Rf5 36.Ng4
Nxg4 37.Qxf5 Nf6 38.Qh3 1-0

[Event "Washington Open Championship"]
[Site "Seattle, WA"]
[Date "2014.05.25"]
[Round "2"]
[White "Feng Roland  (WA)"]
[Black "Colasurdo James  (WA)"]
[Result "1-0"]
[WhiteElo "2256"]
[BlackElo "2022"]
[Annotator ""]
[Source ""]
[Remark "Open"]

1.d4 Nf6 2.c4 e6 3.Nc3 Bb4 4.Qc2 d5 5.e3 O-O 6.a3 Be7 7.Nf3 a6
8.b4 dxc4 9.Bxc4 b5 10.Be2 Bb7 11.O-O Nbd7 12.e4 Re8 13.Bd3 Nf8
14.h3 N6d7 15.Bf4 Ng6 16.Bg3 Bf8 17.Rfe1 e5 18.Rad1 exd4 19.Nxd4
Qf6 20.Nf5 c5 21.Ne3 Nb6 22.bxc5 Bxc5 23.Ncd5 Nxd5 24.Nxd5 Bxd5
25.Qxc5 Bb7 26.e5 Qg5 27.Kh2 h5 28.Bxg6 Qxg6 29.Rd6 Re6 30.h4
Rae8 31.Re3 Qh7 32.Red3 Rc8 {??} 33.Qa7 ( 33.Qxc8+ Bxc8 34.Rd8+
Re8 35.Rxe8# ) Rxd6 34.Rxd6 Qe4 35.f3 Qb1 36.Qxb7 1-0

[Event "Washington Open Championship"]
[Site "Seattle, WA"]
[Date "2014.05.26"]
[Round "6"]
[White "Ovalles Edward  (WA)"]
[Black "Tan Alan  (WA)"]
[Result "1-0"]
[WhiteElo "1613"]
[BlackElo "1521"]
[Annotator ""]
[Source ""]
[Remark "Open"]

1.e4 c5 2.f4 d5 3.Nc3 e6 4.Nf3 Nf6 5.d3 Nc6 6.e5 Nd7 7.Be2 Be7
8.O-O O-O 9.Qe1 Rb8 10.Qg3 f6 11.f5 Ndxe5 12.Bh6 Rf7 13.Nxe5
Nxe5 14.Bh5 Bf8 15.Bxf7+ Kxf7 16.fxe6+ Bxe6 17.Qxe5 1-0

[Event "Washington Open Championship"]
[Site "Seattle, WA"]
[Date "2014.05.26"]
[Round "6"]
[White "Rupel David  (WA)"]
[Black "Haining Kyle  (WA)"]
[Result "1/2-1/2"]
[WhiteElo "2163"]
[BlackElo "2054"]
[Annotator ""]
[Source ""]
[Remark "Open"]

1.d4 g6 2.c4 Bg7 3.e4 d6 4.Ne2 Nf6 5.Nbc3 O-O 6.Ng3 c5 7.d5 e6
8.Be2 exd5 9.exd5 Re8 10.O-O Nbd7 11.Bf4 Ne5 12.Qd2 Qb6 13.h3
Nfd7 14.Nge4 f5 15.Ng5 Nf6 16.Rfe1 Bd7 17.Nf3 Nf7 18.Ng5 Ne5
19.Nf3 1/2-1/2

[Event "Washington Open Championship"]
[Site "Seattle, WA"]
[Date "2014.05.26"]
[Round "5"]
[White "Orlov Georgi (WA)"]
[Black "Sang Tian  (WA)"]
[Result "1-0"]
[WhiteElo "2533"]
[BlackElo "2317"]
[Annotator ""]
[Source ""]
[Remark "Open"]

1.d4 f5 2.Nf3 Nf6 3.c4 e6 4.Nc3 d5 5.Bf4 c6 6.e3 Be7 7.Bd3 O-O
8.Qc2 Ne4 9.g4 Qa5 10.Ke2 Kh8 11.h4 Nd7 12.gxf5 exf5 13.cxd5
Nxc3+ 14.bxc3 Qxd5 15.c4 Qa5 16.Rag1 Nf6 17.Ng5 Nh5 18.Be5 Bd7
19.c5 b6 20.Qb3 h6 21.Ne6 Bf6 22.Nxf8 Rxf8 23.Bd6 Rg8 24.Qf7
Be8 25.Qe6 b5 26.Bc2 Bd8 27.Qxf5 g6 28.Qxh5 gxh5 29.Be5+ Rg7
30.Rxg7 1-0

[Event "Washington Open Championship"]
[Site "Seattle, WA"]
[Date "2014.05.25"]
[Round "2"]
[White "Hendricks David  (WA)"]
[Black "Newstead Brumas  (WA)"]
[Result "1-0"]
[WhiteElo "1674"]
[BlackElo "1609"]
[Annotator ""]
[Source ""]
[Remark "Reserve"]

1.d4 b5 2.Bf4 Nf6 3.e3 a6 4.Nf3 Bb7 5.Bd3 e6 6.O-O Be7 7.h3 O-O
8.Nbd2 c5 9.c3 d5 10.Re1 Nbd7 11.e4 dxe4 12.Nxe4 cxd4 13.cxd4
Nd5 14.Bh2 N7b6 15.Rc1 Rc8 16.a3 Rxc1 17.Qxc1 Nf6 18.Bc7 Qc8
19.Nxf6+ Bxf6 20.Bxb6 Qa8 21.Qf4 Rc8 22.Be4 Bxe4 23.Qxe4 Qxe4
24.Rxe4 Rc1+ 25.Re1 Rc2 26.b4 g6 27.Ne5 Ra2 28.Re3 Bg5 29.Rc3
Ra1+ 30.Kh2 Bc1 31.Rc8+ Kg7 32.Rc7 Bf4+ 33.g3 Bxe5 34.dxe5 Rxa3
35.Ra7 Ra2 36.Kg2 Re2 37.Rxa6 Rxe5 38.Bd4 1-0

[Event "Washington Open Championship"]
[Site "Seattle, WA"]
[Date "2014.05.25"]
[Round "3"]
[White "Puri Ankush  (WA)"]
[Black "Shen Gabriel  (WA)"]
[Result "1-0"]
[WhiteElo "1810"]
[BlackElo "1445"]
[Annotator ""]
[Source ""]
[Remark "Premier"]

1.d4 Nf6 2.e3 e6 3.Bd3 c5 4.c3 Nc6 5.f4 d5 6.Nd2 Bd6 7.Ngf3 a6
8.Ne5 Qc7 9.O-O b5 10.a3 Bb7 11.Qe2 O-O 12.g4 Nd7 13.g5 f6 14.Bxh7+
Kxh7 15.Qh5+ Kg8 16.g6 Rfe8 17.Nf7 Kf8 18.Qh8+ Ke7 19.Qxg7 Rg8
20.Qh7 Rge8 21.Nh6+ Kd8 22.g7 Nf8 23.Qh8 Ng6 24.Qxe8+ Kxe8 25.g8Q+
Nf8 26.Rf2 Kd7 27.Qf7+ Be7 28.Ng8 cxd4 29.exd4 f5 30.Nb3 Kd6
31.Nc5 Rd8 32.Re2 Bc8 33.Bd2 Bd7 34.Nxa6 Qb7 35.Nc5 Qc8 36.Rae1
Re8 37.Nf6 1-0

[Event "Washington Open Championship"]
[Site "Seattle, WA"]
[Date "2014.05.25"]
[Round "3"]
[White "Jiang Brandon  (WA)"]
[Black "Smith Claire  (WA)"]
[Result "0-1"]
[WhiteElo "666"]
[BlackElo "451"]
[Annotator ""]
[Source ""]
[Remark "Booster"]

1.e4 e5 2.Nf3 Nf6 3.Nxe5 d6 4.Nf3 Nxe4 5.d3 Nf6 6.Bf4 Be7 7.Nc3
O-O 8.Be2 c5 9.O-O Qb6 10.Rb1 Nh5 11.Nd5 Qd8 12.Nxe7+ Qxe7 13.Be3
Be6 14.Nd2 Nf6 15.Bf3 Nc6 16.Bg5 Bxa2 17.Ra1 Nb4 18.b3 h6 19.Bh4
g5 20.Bg3 d5 21.Re1 Qd7 22.Be5 Qc6 23.Qc1 Rae8 24.Qb2 Re6 25.h3
Rfe8 26.g4 Nd7 27.Nc4 dxc4 28.Bxc6 bxc6 29.Re2 Nxe5 30.Rae1 Nf3+ 0-1

[Event "Washington Open Championship"]
[Site "Seattle, WA"]
[Date "2014.05.24"]
[Round "1"]
[White "Yeo Noah  (WA)"]
[Black "Roland Jeffrey  (ID)"]
[Result "1/2-1/2"]
[WhiteElo "1638"]
[BlackElo "1715"]
[Annotator ""]
[Source ""]
[Remark "Premier"]

1.e4 e5 2.Nf3 Nc6 3.d4 exd4 4.Bc4 Nf6 5.O-O Bc5 6.e5 d5 7.exf6
dxc4 8.Re1+ Be6 9.Ng5 g6 10.Nxe6 fxe6 11.Bg5 Qd5 12.Bh6 Kf7 13.Nd2
Bb4 14.Bg7 Bxd2 15.Qxd2 Rhe8 16.Qh6 Qh5 17.Qxh5 gxh5 18.Re4 Rad8
19.Rd1 d3 20.c3 b5 21.Rh4 Rd5 22.Bh6 Rf5 23.Be3 Rg8 24.h3 Ne5
25.Kh1 Ng6 26.Rd4 Rd5 27.Rxd5 exd5 28.g3 Kxf6 29.Bxa7 Kf5 30.Bd4
Re8 31.Be3 Re4 32.Kg2 Ne7 33.Re1 Nc6 34.Bd2 Ne5 35.Re3 c5 36.f3
Rxe3 37.Bxe3 Nc6 38.g4+ hxg4 39.hxg4+ Ke6 40.Kf2 d4 41.Bd2 dxc3
42.Bxc3 Kd5 43.Ke3 Nd4 44.f4 b4 45.Bd2 Nc2+ 46.Kf2 Ke4 47.f5 1/2-1/2

[Event "Washington Open Championship"]
[Site "Seattle, WA"]
[Date "2014.05.24"]
[Round "2"]
[White "Yu Jason  (WA)"]
[Black "Roland Jeffrey  (ID)"]
[Result "1/2-1/2"]
[WhiteElo "1584"]
[BlackElo "1715"]
[Annotator ""]
[Source ""]
[Remark "Premier"]

1.e4 e5 2.Nf3 Nc6 3.Bc4 Nf6 4.Ng5 d5 5.exd5 Na5 6.Bb5+ c6 7.dxc6
bxc6 8.Be2 h6 9.Nh3 Bd6 10.d3 Bd7 11.Nc3 Qc8 12.Ng1 Rb8 13.Rb1
Bb4 14.Bd2 O-O 15.Nf3 Re8 16.O-O Qc7 17.a3 Bd6 18.Ne4 Nxe4 19.dxe4
Nb7 20.b4 Nd8 21.c4 Ne6 22.c5 Be7 23.Bc3 Bf6 24.Qc2 Nd4 25.Nxd4
exd4 26.Ba1 Be6 27.Rbd1 a5 28.Rb1 axb4 29.Rxb4 Qa5 30.Rfb1 Rxb4
31.axb4 Qa2 32.Qxa2 Bxa2 33.Rd1 Bb3 34.Rd3 Rxe4 35.Rxb3 d3 36.Bxd3
Re1+ 37.Bf1 Rxa1 38.b5 cxb5 39.Rxb5 Rc1 40.Rb8+ Kh7 41.Rc8 g6
42.c6 Bd4 43.h3 Rc2 44.Ba6 Bxf2+ 45.Kh2 Kg7 46.Bb7 h5 47.Rd8
h4 48.Rd1 Bg3+ 49.Kg1 1/2-1/2

[Event "Washington Open Championship"]
[Site "Seattle, WA"]
[Date "2014.05.25"]
[Round "3"]
[White "Roland Jeffrey  (ID)"]
[Black "Allen Robert  (WA)"]
[Result "1-0"]
[WhiteElo "1715"]
[BlackElo "1702"]
[Annotator ""]
[Source ""]
[Remark "Premier"]

1.d4 Nf6 2.Nf3 g6 3.c4 Bg7 4.Nc3 d5 5.e3 O-O 6.Bd2 b6 7.cxd5
Nxd5 8.Bc4 Bb7 9.O-O Nxc3 10.Bxc3 Nd7 11.Qe2 e6 12.Rfd1 Qe7 13.Rac1
Rfd8 14.a3 Rac8 15.Ba6 Bxa6 16.Qxa6 Ra8 17.Qb7 Rdc8 18.Bb4 Qd8
19.Qc6 a5 20.Bc3 Qe7 21.d5 exd5 22.Rxd5 Nc5 23.Bxg7 Kxg7 24.b4
axb4 25.axb4 Ne6 26.Rd7 Qf6 27.h3 Rd8 28.Rxd8 Rxd8 29.Qe4 Qb2
30.Rc2 Rd1+ 31.Kh2 Qa1 32.Qe5+ Qxe5+ 33.Nxe5 Kf6 34.Nc6 Rd5 35.e4
Rd3 36.f4 Kg7 37.f5 gxf5 38.exf5 Kf6 39.fxe6 fxe6 40.Rf2+ Kg7
41.Ne5 Rc3 42.Rf7+ Kg8 43.Re7 Rb3 44.Nc6 Re3 45.Rxc7 Rc3 1-0

[Event "Washington Open Championship"]
[Site "Seattle, WA"]
[Date "2014.05.25"]
[Round "4"]
[White "Roland Jeffrey  (ID)"]
[Black "Puri Ankush  (WA)"]
[Result "1-0"]
[WhiteElo "1715"]
[BlackElo "1810"]
[Annotator ""]
[Source ""]
[Remark "Premier"]

1.d4 g6 2.e4 Bg7 3.Nc3 d6 4.g3 b6 5.Bg2 Bb7 6.Nge2 Nd7 7.O-O
e6 8.Be3 Ne7 9.Qd2 h5 10.h4 Kf8 11.f4 Kg8 12.Bh3 d5 13.f5 exf5
14.exf5 Nc8 15.fxg6 fxg6 16.Be6+ Kh7 17.Bg5 Bf6 18.Bxd7 Bxg5
19.Rf7+ Kg8 20.Be6 Qd6 21.Rf6+ Qxe6 22.Qxg5 Qxf6 23.Qxf6 Rh7
24.Qxg6+ Rg7 25.Qe8+ Kh7 26.Rf1 Ne7 27.Qxh5+ Kg8 28.Rf6 Rh7 29.Qxh7+
Kxh7 30.Rf7+ Kg8 31.Rxe7 Rc8 32.Nf4 Kf8 33.Ng6+ Kg8 34.Rd7 Re8
35.Rxc7 Ba6 36.Kf2 Re6 37.Nf4 Rf6 38.Ncxd5 Rf7 39.Rxf7 Kxf7 40.Nc7
Bb7 41.Nb5 Ke7 42.Nxa7 Be4 43.Nc8+ Kd8 44.Nxb6 Bxc2 45.a4 Kc7
46.Nbd5+ Kd6 47.a5 Ba4 48.h5 Bc6 49.h6 1-0

[Event "Washington Open Championship"]
[Site "Seattle, WA"]
[Date "2014.05.26"]
[Round "5"]
[White "Nicoski Aaron  (WA)"]
[Black "Roland Jeffrey  (ID)"]
[Result "1/2-1/2"]
[WhiteElo "1775"]
[BlackElo "1715"]
[Annotator ""]
[Source ""]
[Remark "Premier"]

1.d4 Nf6 2.Bf4 g6 3.e3 Bg7 4.Nf3 O-O 5.h3 d6 6.c4 c5 7.Nc3 cxd4
8.exd4 Qb6 9.Rb1 Nc6 10.Be3 Qd8 11.Be2 Bf5 12.Bd3 Bxd3 13.Qxd3
Qd7 14.O-O Rfd8 15.Qd2 e6 16.d5 Ne5 17.Nxe5 dxe5 18.Bg5 Rac8
19.b3 exd5 20.Nxd5 Ne4 21.Qe3 Nxg5 22.Qxg5 f6 23.Nxf6+ Bxf6 24.Qxf6
Qf5 25.Qxf5 gxf5 26.Rbd1 Kf7 27.f3 Ke7 28.Rfe1 Rxd1 29.Rxd1 b5
30.Rc1 bxc4 31.bxc4 Kd6 32.g4 Rg8 33.c5+ Kd5 34.Kf2 fxg4 35.fxg4
Kc6 36.Ke3 h5 37.Kf3 hxg4+ 38.hxg4 Rg5 39.Kg3 Rg8 40.Kh4 e4 41.g5
e3 42.Kh5 e2 43.g6 Rf8 44.Re1 Rf2 45.Kh6 Kxc5 46.g7 Rg2 47.Kh7
Kd4 48.g8Q Rxg8 49.Kxg8 Kd3 50.Kf7 Kd2 51.Rb1 e1Q 52.Rxe1 Kxe1
53.Ke6 Kd2 54.Kd5 Kd3 55.a4 Kc3 56.Kc5 Kb3 57.Kb5 a6+ 58.Ka5
Ka3 1/2-1/2

[Event "Washington Open Championship"]
[Site "Seattle, WA"]
[Date "2014.05.26"]
[Round "6"]
[White "Roland Jeffrey  (ID)"]
[Black "Hosford Michael  (WA)"]
[Result "0-1"]
[WhiteElo "1715"]
[BlackElo "1944"]
[Annotator ""]
[Source ""]
[Remark "Premier"]

1.d4 Nf6 2.Nf3 d6 3.c4 Nbd7 4.Nc3 e5 5.e4 Be7 6.Be2 O-O 7.O-O
c6 8.Qc2 a6 9.Rd1 Qc7 10.dxe5 dxe5 11.Bg5 Re8 12.Rac1 Nf8 13.h3
Ng6 14.Nh2 Nf8 15.Be3 Ne6 16.Na4 c5 17.Nc3 Nd4 18.Bxd4 exd4 19.Nd5
Nxd5 20.cxd5 Qf4 21.Qd3 Bd6 22.Nf3 Qxe4 23.Qxe4 Rxe4 24.Bd3 Re8
25.Ng5 Bf4 0-1

[Event "Washington Open Championship"]
[Site "Seattle, WA"]
[Date "2014.05.25"]
[Round "1"]
[White "Zhang Cheyenne  (WA)"]
[Black "Hendricks David  (WA)"]
[Result "0-1"]
[WhiteElo "1495"]
[BlackElo "1674"]
[Annotator ""]
[Source ""]
[Remark "Reserve"]

1.c4 Nf6 2.Nc3 g6 3.g3 Bg7 4.Bg2 O-O 5.Nf3 c5 6.e4 d6 7.O-O Bg4
8.d3 h6 9.Be3 Nc6 10.Qd2 Bxf3 11.Bxf3 Nd4 12.Bg2 Ng4 13.Bxd4
cxd4 14.Ne2 e5 15.h3 Nf6 16.f4 h5 17.f5 Kh7 18.fxg6+ fxg6 19.Rf3
Bh6 20.Qc2 Rc8 21.Raf1 b5 22.b3 Be3+ 23.Kh1 Rc7 24.Qd1 bxc4 25.bxc4
Rcf7 26.Qe1 Kg7 27.h4 Ng4 28.Rxf7+ Rxf7 29.Rxf7+ Kxf7 30.Qf1+
Nf2+ 31.Kh2 Kg7 32.Qb1 Qf6 33.Ng1 Ng4+ 34.Kh3 Qf2 35.Nf3 Bd2
36.Nxd2 Qxd2 37.Qf1 Qxa2 38.Qg1 Nf2+ 39.Kh2 Nxd3 40.Qd1 Nf2 41.Qe1
Ng4+ 42.Kh1 Qxc4 43.Bf1 Qc2 44.Bg2 d3 45.Qg1 d2 46.Bf3 d1Q 47.Bxd1
Nf2+ 48.Kh2 Nxd1+ 49.Kh3 Nf2+ 50.Kh2 Nxe4+ 51.Kh3 Nf2+ 52.Kh2
e4 53.Kg2 Ng4+ 54.Kh3 e3 55.Qa1+ Kg8 56.Qh1 Nf2+ 57.Kh2 Nxh1+
58.Kxh1 Qf2 59.g4 e2 60.gxh5 e1Q# 0-1